00151nam a2200061Ia 4500008004100000050002100041245002700062230915s9999 xx 000 0 und d aZ695.6 .C37 1982 0aCARTOGRAPHIC MATERIALS